| 000 | 00648nam a22001937a 4500 | ||
|---|---|---|---|
| 999 |
_c177927 _d177927 |
||
| 005 | 20210310160414.0 | ||
| 010 | _aUR-11064 | ||
| 020 |
_c250.00 _a- |
||
| 035 | _aU-9619 | ||
| 037 | _bDBAD/PUB | ||
| 082 | _a841 | ||
| 100 | _aہا ر و ن شا د ا ں | ||
| 245 |
_aگل و غنچہ( شعر ی مجمو عہ ) _cہا ر و ن شا د ا ں |
||
| 246 |
_bGul-o-Ghuncha (Poetry ) (Urdu) _aby Haroon Shadan |
||
| 260 |
_aN.Delhi _c2020 ء _bEducational Publishing House |
||
| 270 |
_a3191,Vakil Street,Kucha Pandit Lal Kuan, _bDelhi _e110006 _l45678203 |
||
| 300 |
_a136 ص _c22 Cm(Hb) |
||
| 942 |
_2ddc _cUR _h841 _mش ا د |
||